[Event "Panchenko Memorial 2017"]
[Site "?"]
[Date "2017.10.07"]
[Round "1.1"]
[White "Bezgodov, Alexei"]
[Black "Drygalov, Andrey"]
[Result "1/2-1/2"]
[BlackElo "2430"]
[WhiteElo "2482"]
[LiveChessVersion "1.4.8"]

1. e4 {[%clk 1:30:55]} e5 {[%clk 1:30:52]} 2. Nf3 {[%clk 1:31:18]} Nc6
{[%clk 1:31:18]} 3. Bb5 {[%clk 1:31:43]} a6 {[%clk 1:31:44]} 4. Ba4
{[%clk 1:32:09]} Nf6 {[%clk 1:32:09]} 5. O-O {[%clk 1:32:30]} Be7
{[%clk 1:32:35]} 6. Re1 {[%clk 1:32:09]} b5 {[%clk 1:32:56]} 7. Bb3
{[%clk 1:32:37]} d6 {[%clk 1:33:17]} 8. c3 {[%clk 1:32:54]} O-O {[%clk 1:33:39]}
9. h3 {[%clk 1:33:20]} Nb8 {[%clk 1:34:04]} 10. d4 {[%clk 1:32:59]} Nbd7
{[%clk 1:34:28]} 11. Nbd2 {[%clk 1:33:08]} Bb7 {[%clk 1:34:50]} 12. Bc2
{[%clk 1:32:19]} Re8 {[%clk 1:34:45]} 13. Nf1 {[%clk 1:24:44]} Bf8
{[%clk 1:34:59]} 14. Ng3 {[%clk 1:25:09]} g6 {[%clk 1:35:13]} 15. a4
{[%clk 1:24:10]} c5 {[%clk 1:35:34]} 16. d5 {[%clk 1:24:03]} c4 {[%clk 1:35:41]}
17. Bg5 {[%clk 1:23:53]} h6 {[%clk 1:35:49]} 18. Be3 {[%clk 1:23:54]} Nc5
{[%clk 1:36:10]} 19. Qd2 {[%clk 1:11:57]} h5 {[%clk 1:36:34]} 20. Bg5
{[%clk 1:12:11]} Be7 {[%clk 1:35:26]} 21. Ra3 {[%clk 1:06:46]} Nfd7
{[%clk 1:28:18]} 22. Be3 {[%clk 1:00:34]} Bf6 {[%clk 1:20:09]} 23. Rea1
{[%clk 0:49:48]} Bg7 {[%clk 0:57:19]} 24. Bg5 {[%clk 0:40:30]} Bf6
{[%clk 0:55:01]} 25. Be3 {[%clk 0:37:05]} Bg7 {[%clk 0:55:08]} 26. Bg5
{[%clk 0:35:23]} Bf6 1/2-1/2

[Event "Panchenko Memorial 2017"]
[Site "?"]
[Date "2017.10.07"]
[Round "1.2"]
[White "Simantsev, Mikhail"]
[Black "Baburin, Alexander"]
[Result "1/2-1/2"]
[BlackElo "2463"]
[WhiteElo "2492"]
[LiveChessVersion "1.4.8"]

1. d4 {[%clk 1:30:56]} d5 {[%clk 1:30:50]} 2. c4 {[%clk 1:31:01]} dxc4
{[%clk 1:31:12]} 3. Nf3 {[%clk 1:30:03]} Nf6 {[%clk 1:31:10]} 4. e3
{[%clk 1:30:12]} e6 {[%clk 1:31:34]} 5. Bxc4 {[%clk 1:29:50]} c5 {[%clk 1:31:57]}
6. O-O {[%clk 1:29:11]} a6 {[%clk 1:32:15]} 7. dxc5 {[%clk 1:28:52]} Qxd1
{[%clk 1:32:26]} 8. Rxd1 {[%clk 1:29:18]} Bxc5 {[%clk 1:32:48]} 9. Be2
{[%clk 1:28:16]} O-O {[%clk 1:21:09]} 10. b3 {[%clk 1:13:38]} b5 {[%clk 1:16:06]}
11. Bb2 {[%clk 1:04:53]} Nbd7 {[%clk 1:12:42]} 12. Nbd2 {[%clk 1:02:15]} Bb7
{[%clk 1:13:00]} 13. a4 {[%clk 0:59:52]} bxa4 {[%clk 1:10:52]} 14. Rxa4
{[%clk 0:52:26]} Be7 {[%clk 0:58:17]} 15. Ba3 {[%clk 0:31:14]} Bxa3
{[%clk 0:55:21]} 16. Rxa3 {[%clk 0:31:20]} Nc5 {[%clk 0:46:16]} 17. b4
{[%clk 0:20:32]} Nce4 {[%clk 0:44:40]} 18. Nxe4 {[%clk 0:20:36]} Nxe4
{[%clk 0:43:28]} 19. Nd2 {[%clk 0:15:14]} Nxd2 {[%clk 0:41:15]} 20. Rxd2 Rab8
1/2-1/2

[Event "Panchenko Memorial 2017"]
[Site "?"]
[Date "2017.10.07"]
[Round "1.3"]
[White "Naumkin, Igor"]
[Black "Shinkevich, Vitaly"]
[Result "1/2-1/2"]
[BlackElo "2454"]
[WhiteElo "2446"]
[LiveChessVersion "1.4.8"]

1. d4 {[%clk 1:30:55]} Nf6 {[%clk 1:30:51]} 2. c4 {[%clk 1:31:18]} g6
{[%clk 1:31:15]} 3. Nc3 {[%clk 1:31:43]} d5 {[%clk 1:31:40]} 4. cxd5
{[%clk 1:32:05]} Nxd5 {[%clk 1:32:07]} 5. e4 {[%clk 1:32:29]} Nxc3
{[%clk 1:32:32]} 6. bxc3 {[%clk 1:32:54]} Bg7 {[%clk 1:32:59]} 7. Bc4
{[%clk 1:33:16]} c5 {[%clk 1:33:12]} 8. Ne2 {[%clk 1:33:36]} O-O {[%clk 1:33:36]}
9. O-O {[%clk 1:33:59]} Nc6 {[%clk 1:33:50]} 10. Be3 {[%clk 1:34:08]} Qc7
{[%clk 1:33:44]} 11. Rc1 {[%clk 1:33:03]} Rd8 {[%clk 1:32:56]} 12. h3
{[%clk 1:31:49]} b6 {[%clk 1:18:41]} 13. f4 {[%clk 1:27:17]} Na5 {[%clk 1:18:09]}
14. Bd3 {[%clk 1:27:05]} f5 {[%clk 1:18:28]} 15. exf5 {[%clk 1:22:10]} Bxf5
{[%clk 1:17:28]} 16. Ng3 {[%clk 1:20:25]} e6 {[%clk 1:16:01]} 17. Qe2
{[%clk 1:19:34]} Bxd3 {[%clk 1:09:57]} 18. Qxd3 {[%clk 1:17:25]} Qd7
{[%clk 1:10:14]} 1/2-1/2

[Event "Panchenko Memorial 2017"]
[Site "?"]
[Date "2017.10.07"]
[Round "1.5"]
[White "Suslova, Alena"]
[Black "Borisenko, Viacheslav"]
[Result "0-1"]
[BlackElo "2313"]
[WhiteElo "2227"]
[LiveChessVersion "1.4.8"]

1. c4 {[%clk 1:30:59]} c5 {[%clk 1:29:10]} 2. g3 {[%clk 1:30:44]} Nf6
{[%clk 1:26:53]} 3. Bg2 {[%clk 1:30:47]} d5 {[%clk 1:27:15]} 4. cxd5
{[%clk 1:30:59]} Nxd5 {[%clk 1:27:43]} 5. Nc3 {[%clk 1:31:11]} Nc7
{[%clk 1:28:04]} 6. Nf3 {[%clk 1:30:20]} Nc6 {[%clk 1:28:28]} 7. d3
{[%clk 1:29:38]} e5 {[%clk 1:28:38]} 8. Be3 {[%clk 1:28:29]} Be7 {[%clk 1:27:10]}
9. O-O {[%clk 1:26:52]} O-O {[%clk 1:27:28]} 10. Rc1 {[%clk 1:24:45]} Be6
{[%clk 1:26:22]} 11. Nd2 {[%clk 1:19:44]} Qd7 {[%clk 1:21:58]} 12. Re1
{[%clk 0:52:14]} Rac8 {[%clk 1:20:05]} 13. Qa4 {[%clk 0:39:12]} Na8
{[%clk 1:15:55]} 14. Nc4 {[%clk 0:37:02]} f6 {[%clk 1:15:45]} 15. Ne4
{[%clk 0:31:57]} b6 {[%clk 1:14:18]} 16. Nc3 {[%clk 0:30:33]} Rfd8
{[%clk 1:14:03]} 17. a3 {[%clk 0:20:25]} Nd4 {[%clk 1:08:50]} 18. Qxd7
{[%clk 0:20:05]} Rxd7 {[%clk 1:09:05]} 19. h4 {[%clk 0:16:18]} Kf7
{[%clk 1:07:25]} 20. Kf1 {[%clk 0:09:29]} Nc7 {[%clk 1:04:56]} 21. Bxd4
{[%clk 0:07:19]} exd4 {[%clk 1:02:34]} 22. Nb1 {[%clk 0:06:39]} b5
{[%clk 0:59:07]} 23. Ncd2 {[%clk 0:04:57]} Nd5 {[%clk 0:58:50]} 24. Nf3
{[%clk 0:05:10]} Rdc7 {[%clk 0:58:24]} 25. Nbd2 {[%clk 0:05:31]} Nb6
{[%clk 0:57:51]} 26. Rc2 {[%clk 0:04:56]} h6 {[%clk 0:55:34]} 27. Rec1
{[%clk 0:04:46]} Rd7 {[%clk 0:55:55]} 28. Kg1 {[%clk 0:01:55]} g5
{[%clk 0:56:09]} 29. Ne4 {[%clk 0:01:18]} c4 {[%clk 0:54:44]} 30. hxg5
{[%clk 0:01:23]} hxg5 {[%clk 0:55:13]} 31. dxc4 {[%clk 0:00:47]} bxc4
{[%clk 0:54:11]} 32. Rd2 {[%clk 0:01:08]} Rcd8 {[%clk 0:54:10]} 33. Rcd1
{[%clk 0:01:06]} d3 {[%clk 0:54:04]} 34. Rc1 {[%clk 0:00:49]} g4 {[%clk 0:53:08]}
35. Ne1 {[%clk 0:01:11]} f5 {[%clk 0:53:23]} 36. Nc3 {[%clk 0:01:29]} Bg5
{[%clk 0:53:42]} 37. e3 {[%clk 0:01:57]} Bf6 {[%clk 0:53:49]} 38. Bh1
{[%clk 0:01:35]} Bxc3 {[%clk 0:52:18]} 39. Rxc3 {[%clk 0:01:55]} Na4
{[%clk 0:52:22]} 40. Rc1 {[%clk 0:01:58]} Nxb2 {[%clk 0:51:09]} 41. Rxb2
{[%clk 0:02:26]} d2 {[%clk 0:51:36]} 42. Rd1 {[%clk 0:02:30]} c3 {[%clk 0:51:40]}
43. Rbb1 {[%clk 0:00:38]} dxe1=Q+ {[%clk 0:51:55]} 44. Rxe1 {[%clk 0:01:06]} c2
{[%clk 0:52:24]} 45. Rbc1 {[%clk 0:00:46]} Rd1 {[%clk 0:52:50]} 0-1

[Event "Panchenko Memorial 2017"]
[Site "?"]
[Date "2017.10.07"]
[Round "1.6"]
[White "Drygalov, Sergey"]
[Black "Radzhabov, Rodion"]
[Result "1-0"]
[BlackElo "2319"]
[WhiteElo "2404"]
[LiveChessVersion "1.4.8"]

1. d4 Nf6 2. c4 e6 3. g3 Bb4+ 4. Nd2 O-O 5. Bg2 d5 6. Ngf3 c6 7. O-O Nbd7 8. Qc2
b6 9. e4 Bb7 10. e5 Ne8 11. a3 Be7 12. Re1 Nc7 13. cxd5 cxd5 14. Nf1 a5 15. h4 h6
16. N1h2 Re8 17. h5 b5 18. Ng4 Bf8 19. Bf4 b4 20. axb4 axb4 21. Rxa8 Nxa8 22. Bf1
Qe7 23. Ra1 Rc8 24. Qd2 Bc6 25. Ra7 Qe8 26. Bxh6 f5 27. exf6 gxh6 28. Nxh6+ Bxh6
29. Qxh6 Qf7 30. Rxd7 Qxd7 31. Ne5 1-0

[Event "Panchenko Memorial 2017"]
[Site "?"]
[Date "2017.10.07"]
[Round "1.7"]
[White "Salemgareev, Tagir"]
[Black "Vaseptsov, Maxim"]
[Result "1-0"]
[BlackElo "2331"]
[WhiteElo "2378"]
[LiveChessVersion "1.4.8"]

1. d4 {[%clk 1:30:57]} g6 {[%clk 1:28:47]} 2. c4 {[%clk 1:30:51]} Bg7
{[%clk 1:28:38]} 3. Nc3 {[%clk 1:29:31]} c5 {[%clk 1:27:12]} 4. d5
{[%clk 1:29:27]} Bxc3+ {[%clk 1:22:49]} 5. bxc3 {[%clk 1:28:54]} f5
{[%clk 1:22:06]} 6. h4 {[%clk 1:28:35]} Nf6 {[%clk 1:19:47]} 7. h5
{[%clk 1:28:13]} Rg8 {[%clk 1:17:37]} 8. hxg6 {[%clk 1:26:59]} hxg6
{[%clk 1:17:52]} 9. Qa4 {[%clk 1:21:53]} Qb6 {[%clk 1:07:15]} 10. Qb3
{[%clk 0:32:33]} Qa5 {[%clk 0:56:09]} 11. Bg5 {[%clk 0:27:55]} Ne4
{[%clk 0:53:02]} 12. Nf3 {[%clk 0:28:14]} d6 {[%clk 0:44:19]} 13. Rh7
{[%clk 0:24:04]} Nxg5 {[%clk 0:44:07]} 14. Nxg5 {[%clk 0:24:29]} Nd7
{[%clk 0:43:38]} 15. e3 {[%clk 0:18:56]} Nf6 {[%clk 0:43:11]} 16. Rh4
{[%clk 0:17:08]} Bd7 {[%clk 0:40:39]} 17. Rb1 {[%clk 0:16:27]} b6
{[%clk 0:39:03]} 18. Bd3 {[%clk 0:14:07]} O-O-O {[%clk 0:36:46]} 19. Kd2
{[%clk 0:13:57]} Rde8 {[%clk 0:30:37]} 20. f3 {[%clk 0:03:00]} e6
{[%clk 0:18:44]} 21. dxe6 {[%clk 0:02:44]} Bxe6 {[%clk 0:18:56]} 22. Qb5
{[%clk 0:02:25]} Qxb5 {[%clk 0:17:57]} 23. cxb5 {[%clk 0:02:38]} d5
{[%clk 0:17:26]} 24. Rbh1 {[%clk 0:02:18]} Bd7 {[%clk 0:17:04]} 25. Nh7
{[%clk 0:01:12]} Nh5 {[%clk 0:15:33]} 26. g4 {[%clk 0:00:54]} Re7
{[%clk 0:01:05]} 27. gxf5 {[%clk 0:01:09]} gxf5 {[%clk 0:00:38]} 28. Rxh5
{[%clk 0:01:12]} Rg2+ {[%clk 0:01:07]} 29. Be2 {[%clk 0:00:34]} Bxb5
{[%clk 0:01:29]} 30. R5h2 {[%clk 0:00:42]} Rxe2+ {[%clk 0:00:34]} 31. Rxe2
{[%clk 0:01:06]} Bxe2 {[%clk 0:01:00]} 32. Kxe2 {[%clk 0:01:18]} f4
{[%clk 0:01:29]} 33. e4 {[%clk 0:00:46]} dxe4 {[%clk 0:01:53]} 34. fxe4
{[%clk 0:01:12]} Rxe4+ {[%clk 0:02:14]} 35. Kd3 {[%clk 0:01:37]} Re3+
{[%clk 0:02:21]} 36. Kc2 {[%clk 0:01:04]} Kc7 {[%clk 0:02:00]} 37. Rf1
{[%clk 0:01:19]} f3 {[%clk 0:01:26]} 38. Ng5 {[%clk 0:01:32]} Re2+
{[%clk 0:01:50]} 39. Kb3 {[%clk 0:01:39]} f2 {[%clk 0:01:46]} 40. Nh3
{[%clk 0:01:28]} c4+ {[%clk 0:00:42]} 41. Kxc4 {[%clk 0:01:50]} Rxa2
{[%clk 0:01:10]} 42. Rxf2 {[%clk 0:02:03]} Ra1 {[%clk 0:01:14]} 43. Nf4
{[%clk 0:02:05]} Kc6 {[%clk 0:01:27]} 44. Nd3 {[%clk 0:01:18]} a5
{[%clk 0:00:50]} 45. Rf6+ {[%clk 0:01:35]} Kb7 {[%clk 0:01:14]} 46. Nf4
{[%clk 0:01:36]} Rb1 {[%clk 0:01:28]} 47. Nd5 {[%clk 0:01:51]} Rb2
{[%clk 0:01:09]} 48. Rh6 {[%clk 0:01:02]} Rb1 {[%clk 0:01:25]} 49. Rh7+
{[%clk 0:01:13]} Kc6 {[%clk 0:01:49]} 50. Ne7+ {[%clk 0:01:26]} Kb7
{[%clk 0:01:29]} 51. Nf5+ {[%clk 0:01:43]} Ka6 {[%clk 0:01:36]} 52. Nd4
{[%clk 0:01:58]} Rg1 {[%clk 0:01:31]} 53. Rd7 {[%clk 0:01:07]} Rg5
{[%clk 0:01:31]} 54. Rd5 {[%clk 0:00:49]} Rg4 {[%clk 0:01:58]} 55. Re5
{[%clk 0:00:52]} Rh4 {[%clk 0:02:11]} 56. Kd5 {[%clk 0:00:53]} Rh3
{[%clk 0:02:13]} 57. Kc4 {[%clk 0:01:09]} Rh4 {[%clk 0:02:36]} 58. Kb3
{[%clk 0:00:42]} Rh1 {[%clk 0:02:51]} 59. Rf5 {[%clk 0:00:34]} Rh4
{[%clk 0:02:55]} 60. Nb5 {[%clk 0:00:42]} Rh3 {[%clk 0:02:43]} 61. Rd5
{[%clk 0:00:43]} Rg3 {[%clk 0:02:41]} 62. Na3 {[%clk 0:00:40]} Rg6
{[%clk 0:02:45]} 63. c4 {[%clk 0:00:41]} Rg3+ {[%clk 0:02:41]} 64. Kb2
{[%clk 0:01:03]} Rg2+ {[%clk 0:02:33]} 65. Kc3 {[%clk 0:01:26]} Rg1
{[%clk 0:02:08]} 66. Rd6 {[%clk 0:01:09]} Rg3+ {[%clk 0:02:25]} 67. Rd3
{[%clk 0:01:33]} Rg1 {[%clk 0:02:46]} 68. Nb5 {[%clk 0:01:50]} Rc1+
{[%clk 0:02:55]} 69. Kb3 {[%clk 0:02:07]} a4+ {[%clk 0:00:35]} 70. Kb4
{[%clk 0:02:31]} Rb1+ {[%clk 0:00:50]} 71. Kxa4 {[%clk 0:02:53]} Rc1
{[%clk 0:01:10]} 72. Kb4 {[%clk 0:03:09]} Rb1+ {[%clk 0:01:34]} 73. Rb3
{[%clk 0:03:34]} Rh1 {[%clk 0:02:01]} 74. Ra3+ {[%clk 0:03:24]} Kb7
{[%clk 0:02:29]} 75. Ra7+ {[%clk 0:03:48]} Kb8 {[%clk 0:02:57]} 76. Re7
{[%clk 0:04:09]} Rb1+ {[%clk 0:03:17]} 77. Kc3 {[%clk 0:04:33]} Rc1+
{[%clk 0:03:36]} 78. Kd4 {[%clk 0:04:40]} Rd1+ {[%clk 0:04:05]} 79. Ke5
{[%clk 0:05:01]} 1-0

[Event "Panchenko Memorial 2017"]
[Site "?"]
[Date "2017.10.07"]
[Round "1.8"]
[White "Tologontegin, Semetey"]
[Black "Stankovic, Milos"]
[Result "1-0"]
[BlackElo "2399"]
[WhiteElo "2392"]
[LiveChessVersion "1.4.8"]

1. d4 {[%clk 1:30:57]} Nf6 {[%clk 1:30:27]} 2. Nf3 {[%clk 1:31:11]} g6
{[%clk 1:30:25]} 3. g3 {[%clk 1:31:25]} Bg7 {[%clk 1:30:26]} 4. Bg2
{[%clk 1:31:42]} d5 {[%clk 1:30:02]} 5. O-O {[%clk 1:31:53]} O-O {[%clk 1:28:56]}
6. c3 {[%clk 1:31:40]} Bf5 {[%clk 1:23:08]} 7. Qb3 {[%clk 1:31:17]} Qc8
{[%clk 1:21:32]} 8. c4 {[%clk 1:31:11]} dxc4 {[%clk 1:19:20]} 9. Qxc4
{[%clk 1:31:33]} Be6 {[%clk 1:17:54]} 10. Qc2 {[%clk 1:27:52]} Bf5
{[%clk 1:13:22]} 11. Qb3 {[%clk 1:27:16]} c5 {[%clk 0:59:11]} 12. dxc5
{[%clk 1:24:17]} Na6 {[%clk 0:57:27]} 13. Be3 {[%clk 1:03:25]} Nxc5
{[%clk 0:50:30]} 14. Qa3 {[%clk 1:02:36]} Nce4 {[%clk 0:50:25]} 15. Nbd2
{[%clk 0:55:04]} Nd5 {[%clk 0:41:19]} 16. Rfc1 {[%clk 0:28:52]} Qe8
{[%clk 0:38:29]} 17. Bd4 {[%clk 0:23:19]} e5 {[%clk 0:21:07]} 18. Nxe4
{[%clk 0:23:33]} exd4 {[%clk 0:21:11]} 19. Nd6 {[%clk 0:23:49]} Qxe2
{[%clk 0:19:43]} 20. Re1 {[%clk 0:12:17]} Qa6 {[%clk 0:18:15]} 21. Qxa6
{[%clk 0:12:13]} bxa6 {[%clk 0:18:18]} 22. Ne5 {[%clk 0:12:21]} Be6
{[%clk 0:17:51]} 23. Nc6 {[%clk 0:12:42]} Kh8 {[%clk 0:15:37]} 24. Rad1
{[%clk 0:12:50]} a5 {[%clk 0:12:49]} 25. a3 {[%clk 0:09:34]} h5 {[%clk 0:10:53]}
26. Nxd4 {[%clk 0:05:44]} Rab8 {[%clk 0:06:45]} 27. Nxe6 {[%clk 0:04:42]} fxe6
{[%clk 0:07:07]} 28. Rxe6 {[%clk 0:04:52]} Nf6 {[%clk 0:07:17]} 29. Rd2
{[%clk 0:03:46]} Rb6 {[%clk 0:06:20]} 30. Re7 {[%clk 0:02:36]} Kh7
{[%clk 0:03:42]} 31. Nc4 {[%clk 0:02:18]} Rb5 {[%clk 0:03:04]} 32. Rxa7
{[%clk 0:02:07]} Rc5 {[%clk 0:02:35]} 33. b3 {[%clk 0:02:19]} a4 {[%clk 0:02:21]}
34. Rxa4 {[%clk 0:02:33]} Ng4 {[%clk 0:02:45]} 35. Ra7 {[%clk 0:02:35]} Kh8
{[%clk 0:00:46]} 36. Rdd7 {[%clk 0:02:36]} Bc3 {[%clk 0:01:00]} 37. Ra8
{[%clk 0:00:40]} Rxa8 {[%clk 0:00:37]} 38. Bxa8 {[%clk 0:01:06]} Rf5
{[%clk 0:00:34]} 39. f3 {[%clk 0:00:56]} Nf6 {[%clk 0:00:39]} 40. Rd3
{[%clk 0:01:12]} Ba1 {[%clk 0:00:56]} 41. a4 {[%clk 0:01:17]} 1-0

[Event "Panchenko Memorial 2017"]
[Site "?"]
[Date "2017.10.07"]
[Round "1.9"]
[White "Sitnikov, Anton"]
[Black "Matsenko, Andrei"]
[Result "0-1"]
[BlackElo "2281"]
[WhiteElo "2457"]
[LiveChessVersion "1.4.8"]

1. d4 {[%clk 1:30:41]} Nf6 {[%clk 1:30:53]} 2. c3 {[%clk 1:31:07]} d5
{[%clk 1:29:17]} 3. Bg5 {[%clk 1:31:25]} e6 {[%clk 1:28:53]} 4. Nd2
{[%clk 1:31:48]} Be7 {[%clk 1:28:59]} 5. e3 {[%clk 1:32:13]} O-O {[%clk 1:28:30]}
6. Bd3 {[%clk 1:32:36]} b6 {[%clk 1:28:21]} 7. f4 {[%clk 1:31:07]} Bb7
{[%clk 1:22:17]} 8. Qf3 {[%clk 1:27:42]} Nbd7 {[%clk 1:19:04]} 9. h4
{[%clk 1:26:19]} h5 {[%clk 1:11:11]} 10. O-O-O {[%clk 1:10:31]} c5
{[%clk 1:03:58]} 11. Bxf6 {[%clk 0:31:17]} Nxf6 {[%clk 1:04:12]} 12. Nh3
{[%clk 0:31:41]} c4 {[%clk 1:01:56]} 13. Bxc4 {[%clk 0:29:16]} b5
{[%clk 0:57:31]} 14. Bd3 {[%clk 0:15:37]} b4 {[%clk 0:54:42]} 15. cxb4
{[%clk 0:15:53]} Bxb4 {[%clk 0:51:38]} 16. Kb1 {[%clk 0:16:17]} a5
{[%clk 0:50:54]} 17. Qe2 {[%clk 0:09:52]} a4 {[%clk 0:47:54]} 18. a3
{[%clk 0:05:19]} Be7 {[%clk 0:44:42]} 19. Nf2 {[%clk 0:05:14]} Qb6
{[%clk 0:42:25]} 20. Ka1 {[%clk 0:05:41]} Rfb8 {[%clk 0:40:49]} 21. Nb1
{[%clk 0:05:39]} Ba6 {[%clk 0:38:18]} 22. Bxa6 {[%clk 0:06:01]} Rxa6
{[%clk 0:38:27]} 23. Rd2 {[%clk 0:04:58]} Ra5 {[%clk 0:37:26]} 24. Rc1
{[%clk 0:05:18]} Rb5 {[%clk 0:36:46]} 25. Rdc2 {[%clk 0:05:06]} Rb3
{[%clk 0:35:41]} 26. Rc8+ {[%clk 0:04:24]} Kh7 {[%clk 0:35:48]} 27. Rxb8
{[%clk 0:04:19]} Qxb8 {[%clk 0:36:17]} 28. Rc3 {[%clk 0:03:49]} g6
{[%clk 0:34:02]} 29. Rxb3 {[%clk 0:03:23]} Qxb3 {[%clk 0:33:42]} 30. Nd2
{[%clk 0:02:18]} Qc2 {[%clk 0:33:17]} 31. Qd1 {[%clk 0:02:40]} Qc6
{[%clk 0:33:30]} 32. Ka2 {[%clk 0:01:13]} Ne8 {[%clk 0:32:55]} 33. g3
{[%clk 0:01:24]} Nd6 {[%clk 0:32:57]} 34. Nd3 {[%clk 0:01:13]} Nf5
{[%clk 0:31:36]} 35. Ne5 {[%clk 0:01:22]} Qb5 {[%clk 0:31:48]} 36. Nf1
{[%clk 0:00:34]} f6 {[%clk 0:31:52]} 37. Qd3 {[%clk 0:00:38]} Qb3+
{[%clk 0:32:10]} 38. Qxb3 {[%clk 0:01:02]} axb3+ {[%clk 0:32:37]} 39. Kxb3
{[%clk 0:01:27]} fxe5 {[%clk 0:33:06]} 40. dxe5 {[%clk 0:00:33]} Bc5
{[%clk 0:31:34]} 41. Kc3 {[%clk 0:00:53]} Nxe3 {[%clk 0:30:53]} 42. b4
{[%clk 0:01:20]} Ba7 {[%clk 0:30:46]} 43. Nd2 {[%clk 0:01:42]} Nf5
{[%clk 0:25:08]} 44. Nf3 {[%clk 0:02:09]} Kg8 {[%clk 0:21:24]} 45. a4
{[%clk 0:01:39]} Nxg3 {[%clk 0:20:09]} 46. a5 {[%clk 0:00:35]} Ne2+
{[%clk 0:16:30]} 47. Kd3 {[%clk 0:00:39]} Nxf4+ {[%clk 0:16:54]} 48. Kd2
{[%clk 0:01:08]} Kf7 {[%clk 0:16:34]} 49. b5 {[%clk 0:01:32]} Bc5
{[%clk 0:17:00]} 50. b6 {[%clk 0:01:56]} Ke7 {[%clk 0:13:47]} 51. b7
{[%clk 0:02:21]} Ba7 {[%clk 0:14:14]} 52. Nd4 {[%clk 0:02:44]} Kd7
{[%clk 0:14:19]} 53. Nb5 {[%clk 0:02:58]} Bb8 {[%clk 0:14:08]} 54. a6
{[%clk 0:03:25]} Kc6 {[%clk 0:14:30]} 55. a7 {[%clk 0:03:48]} Bxa7
{[%clk 0:14:56]} 56. Nxa7+ {[%clk 0:04:16]} Kxb7 {[%clk 0:15:22]} 57. Nb5
{[%clk 0:04:44]} Kc6 {[%clk 0:15:13]} 58. Nd4+ {[%clk 0:04:52]} Kc5
{[%clk 0:14:25]} 59. Kc3 {[%clk 0:05:02]} Kb6 {[%clk 0:12:58]} 60. Kd2
{[%clk 0:05:27]} Ng2 {[%clk 0:11:51]} 61. Nxe6 {[%clk 0:05:45]} Nxh4
{[%clk 0:11:59]} 62. Ke3 {[%clk 0:05:23]} Nf5+ {[%clk 0:11:56]} 63. Kf4
{[%clk 0:05:21]} d4 {[%clk 0:11:09]} 64. Ng5 {[%clk 0:05:16]} Kc5
{[%clk 0:09:56]} 65. Ke4 {[%clk 0:05:45]} Kc4 {[%clk 0:09:25]} 66. e6
{[%clk 0:05:39]} d3 {[%clk 0:09:30]} 67. Nf3 {[%clk 0:06:05]} Kc3
{[%clk 0:09:41]} 68. Ke5 {[%clk 0:06:25]} d2 {[%clk 0:09:11]} 69. Nxd2
{[%clk 0:06:49]} Kxd2 {[%clk 0:09:37]} 70. Kf6 {[%clk 0:07:18]} h4
{[%clk 0:09:53]} 71. Kxg6 {[%clk 0:07:46]} Nd6 {[%clk 0:10:15]} 0-1

[Event "Panchenko Memorial 2017"]
[Site "?"]
[Date "2017.10.07"]
[Round "1.10"]
[White "Tosic, Miroslav"]
[Black "Gutenev, Alexander"]
[Result "1/2-1/2"]
[BlackElo "2474"]
[WhiteElo "2447"]
[LiveChessVersion "1.4.8"]

1. Nf3 {[%clk 1:30:19]} Nf6 {[%clk 1:30:46]} 2. d4 {[%clk 1:30:31]} g6
{[%clk 1:31:04]} 3. Bf4 {[%clk 1:27:46]} Bg7 {[%clk 1:31:16]} 4. e3
{[%clk 1:28:04]} b6 {[%clk 1:30:31]} 5. c4 {[%clk 1:27:53]} Bb7 {[%clk 1:29:36]}
6. Nc3 {[%clk 1:28:07]} d6 {[%clk 1:28:30]} 7. Be2 {[%clk 1:16:55]} Nbd7
{[%clk 1:26:09]} 8. O-O {[%clk 1:16:44]} Ne4 {[%clk 1:22:30]} 9. Nxe4
{[%clk 1:02:15]} Bxe4 {[%clk 1:22:52]} 10. Qa4 {[%clk 1:02:25]} O-O
{[%clk 1:21:51]} 11. Rad1 {[%clk 1:02:49]} Qe8 {[%clk 1:18:24]} 12. Bg3
{[%clk 0:46:54]} h6 {[%clk 0:58:24]} 13. Nd2 1/2-1/2